000 00444nam a2200181Ia 4500
005 20250425161552.0
008 250425s9999 xx 000 0 und d
041 _aeng
082 _a628.167
110 _aAMERICAN CHEMICAL SOCIETY
245 0 _aSALINE WATER CONVERSION-II
250 _a1ST ED.
260 _aEstados Unidos
_bAMERICAN CHEMICAL SOCIETY
_c1963
260 _aWASHINGTON
300 _a199
942 _c01
010 _a23217
999 _c211791
_d211791